| 000 | 01710nam a2200253Ia 4500 | ||
|---|---|---|---|
| 999 |
_c36368 _d36368 |
||
| 001 | 2280 | ||
| 003 | GE_BSU | ||
| 005 | 20190502110328.0 | ||
| 008 | 181216s2007||||ge |||||||||||||| ||geo|| | ||
| 020 | _a9789941004452 | ||
| 040 | _cGE_BSU | ||
| 041 | _ageo | ||
| 080 | _a61(035) ს–19 | ||
| 245 |
_aსაკვების უსაფრთხოების ელემენტები : _bარაგადამდებ დაავადებათა ინტეგრალური პრევენციისა და კონტროლის პოტენციალის გაძლიერება : საკვებზე დაფუძნებული დიეტური გზამკვლევის სადისემინაციო პაკეტი / _cშრომის, ჯანმრთელობისა და სოციალ. დაცვის სამინ. ; მონაწილეები: ლევან ბარამიძე [და სხვ.] |
||
| 264 |
_aთბილისი : _b შპს "სიტყვა", _c 2007. |
||
| 300 |
_a11გვ.; _b29სმ. |
||
| 653 | _aსაკვები | ||
| 653 | _aკვების ჰიგიენა | ||
| 700 |
_aბარამიძე, ლევან _eავტორი _9623 |
||
| 700 |
_aლილუაშვილი, კონსტანტინე _eავტორი _9624 |
||
| 700 |
_aთათარაძე, რევაზ და სხვ. _eავტორი _9625 |
||
| 710 |
_a შრომის, ჯანმრთელობისა და სოც. დაცვის სამინისტრო _9626 |
||
| 942 |
_cBK _2udc |
||